UFBA vestibular 2012-2013 (Record no. 61041)

MARC details
000 -LÍDER
campo de controle de tamanho fixo 00372 a2200157 4500
001 - NÚMERO DE CONTROLE
campo de controle 61041
020 ## - ISBN - INTERNATIONAL STANDARD BOOK NUMBER
ISBN - International Standard Book Number
040 ## - FONTE DA CATALOGAÇÃO
Instituição que transcreveu o registro Anchieta - Pituba
100 ## - ENTRADA PRINCIPAL--NOME PESSOAL
Nome pessoal Moura, Anya
240 10 - TÍTULO UNIFORME
Título uniforme UFBA vestibular 2012-2013
Idioma da obra por
245 10 - TÍTULO
Título UFBA vestibular 2012-2013
300 ## - DESCRIÇÃO FÍSICA
Extensão 310
362 0# - DATAS DE PUBLICAÇÃO E/OU DESIGNAÇÃO SEQUENCIAL
Datas de publicação e/ou designação sequencial 2011
650 #4 - ASSUNTO--TERMO TÓPICO
Cabeçalho tópico ou nome geográfico . Vestibulares / Exames de admissão em universidades
942 ## - ELEMENTOS DE ENTRADA ADICIONADOS (KOHA)
Tipo de material Koha Livros
Holdings
Situação do descarte Situação das perdas Situação física Não pode ser emprestado Biblioteca de origem Biblioteca atual Data de aquisição Total de empréstimos Número de chamada completo Código de barras Data de último acesso Data do último empréstimo Data do preço efetivo Tipo de material Koha
        Colégio Anchieta - Pituba Colégio Anchieta - Pituba 21/11/2023 1 378.161 M929u MOU UFB 12915/PIT 08/07/2024 18/06/2024 21/11/2023 Livros